• 首页
  • 本馆介绍
  • 公告通知
  • 最新文献
  • 馆藏检索
  • 电子资源
  • 读者导购
  • 参考咨询
  • 我的图书馆
  • 登录
  • 详细信息显示
  • 放入我的书架
  • 预约/预借图书
  • 作者相关作品
  • 分类相关作品
  • 丛书相关作品
  • 出版社相关作品

书目信息

  • 表格格式
  • 工作单格式
  • 卡片格式
题名:
晋察冀抗日根据地史料选编
    
 
作者: ;河北省社会科学院历史研究所 编
分册: 上册  
出版信息: 石家庄   河北人民出版社  1983
页数: 487页
开本: 21cm
丛书名:
单 册:
中图分类: K269.5
科图分类:
主题词: 中国--历史
电子资源:
ISBN:
000 00855nam0 2200253 45
001 0183003768
005 20060510161908.65
010    @dCNY4.20(2册)
091    @a11088.35
100    @a19950309d1983 em y0chiy0121 ea
101 0  @achi
102    @aCN@b130000
105    @ay z 000yy
200 10 @a晋察冀抗日根据地史料选编@Ajin cha ji kang ri gen ju de shi liao xuan bian@h上册@f河北省社会科学院历史研究所等编@Fhe bei sheng she hui ke xue yuan li shi yan jiu suo deng bian
210    @a石家庄@c河北人民出版社@d1983
215    @a487页@d21cm
300    @a内部发行
606 0  @a中国@x历史
607    @a晋察冀抗日根据地@x史料
690    @aK269.5
711 02 @a河北省社会科学院历史研究所@Ahe bei sheng she hui ke xue yuan li shi yan jiu suo@4编
801  2 @aCN@bNLC@c20060510
801  0 @aCN@b上海图书馆@c20040518
905    @f1@b177323@dK269.5@e9:1
    
    晋察冀抗日根据地史料选编.上册/河北省社会科学院历史研究所等编.-石家庄:河北人民出版社,1983
    487页;21cm
    内部发行
    
    ISBN :CNY4.20(2册)
    
●
相关链接 在E读中查询图书 在五车中查询图书 在当当中查询图书 在豆瓣中查询图书


正题名:晋察冀抗日根据地史料选编     索取号:K269.5/9:1         预约/预借

序号 登录号 条形码 馆藏地/架位号 状态 备注
1 0099434   202320112   密集书库/ [索取号:K269.5/9:1] 在馆    
2 0099435   202320149   第二借阅区/ [索取号:K269.5/9:1] 在馆    
3 0177323   000353931   第二样本阅览室/ [索取号:K269.5/9:1] 在馆    
4 0177324   202320103   第二借阅区/ [索取号:K269.5/9:1] 在馆    
唐山师范学院图书馆 欢迎您!
大连网信软件有限公司© 版权所有